| 000 | 00761nam a22002417a 4500 | ||
|---|---|---|---|
| 005 | 20170124110207.0 | ||
| 010 | _aA-895985 | ||
| 020 |
_c00.00 _a8122410960 |
||
| 035 | _aA-895985 | ||
| 037 | _bCen Lib/Ret | ||
| 040 |
_aDPL _bEN |
||
| 082 |
_a005.13 _bRAD |
||
| 100 |
_aRadha Ganeshan, P. _937524 |
||
| 245 |
_aPascal programming / _cby P.Radha Ganeshan |
||
| 260 |
_aNew Delhi _bNew Age International Publishers _c1998 |
||
| 270 |
_a4835/24, Ansari Road Darya Ganj _bNew Delhi _e110002 |
||
| 300 |
_axvi,252p. _c22cm(Hb) |
||
| 500 | _aIncludes bibliographical reference and index | ||
| 650 |
_aPascal (Computer program language) _937525 |
||
| 650 |
_aProgramming Pascal _937526 |
||
| 700 | _96520 | ||
| 942 |
_2ddc _cEN _h005.13 _mRAD |
||
| 999 |
_c133300 _d133300 |
||